Statistiche per Bandiere dei paesi che iniziano con A

Clicka qui per fare il quiz!

Statistiche generali

  • Questo quiz è stato fatto 3.164 volte
    (3.161 dall'ultimo reset)
  • Il punteggio medio è 11 su 12

Statistiche sulle risposte

Risposta% Corretto
Albania
100%
Argentina
97%
Australia
97%
Andorra
96%
Austria
95%
Arabia Saudita
93%
Algeria
92%
Azerbaijan
90%
Armenia
87%
Angola
85%
Afghanistan
78%
Antigua e Barbuda
74%

Distribuzione punteggi

Percentile per numero di risposta

Percentuale di utenti per punteggio

I tuoi punteggi nel tempo

Non hai fatto questo quiz dall'ultimo reset